La mythologie grecque - Les noms en G - Statistiques

Statistiques générales
  • Ce quiz a été pris 432 fois
  • Le résultat moyen est 3 sur 7
Statistiques - réponses
Indice Réponse % Correct
Divinité de la Terre, mère des Olympiens Gaïa
99%
Autre nom de Méduse Gorgo
85%
Échanson des dieux Ganymède
38%
Géant à trois corps, terrassé par Héraclès Géryon
34%
L'un des trois Hécatonchires Gygès
28%
Pêcheur devenu immortel grâce à une herbe Glaucos
12%
Personnification de la vieillesse, s'oppose à Hébé Géras
9%
Aucun quiz correspondant
Distribution des résultats
% des personnes avec chaque résultat
Percentile par nombre de réponses
Votre historique - résultats
Vous n’avez pas pris ce quiz